• 首页
  • 本馆介绍
  • 公告通知
  • 最新文献
  • 馆藏检索
  • 电子资源
  • 读者导购
  • 参考咨询
  • 我的图书馆
  • 登录
  • 详细信息显示
  • 放入我的书架
  • 预约/预借图书
  • 作者相关作品
  • 分类相关作品
  • 丛书相关作品
  • 出版社相关作品

书目信息

  • 表格格式
  • 工作单格式
  • 卡片格式
题名:
文化与文本
    
 
作者: 叶舒宪 主编
分册:  
出版信息: 西安   陕西师范大学出版总社  2018
页数: 13,242页
开本: 24cm
丛书名:
单 册:
中图分类: I0 , Q98
科图分类:
主题词: 文学研究 , 人类学
电子资源:
ISBN: 978-7-5613-9832-6
000 00869nam0 2200253 450
001 7039
005 20180604162843.43
010    @a978-7-5613-9832-6@dCNY78.00
100    @a20180513d2018 em y0chiy50 ea
101 0  @achi
102    @aCN@b610000
105    @ay z 000yy
200 1  @a文化与文本@9wen hua yu wen ben@f叶舒宪主编
210    @a西安@c陕西师范大学出版总社@d2018
215    @a13,242页@d24cm
300    @a中国文学人类学原创书系
330    @a本书从“文学人类学:理论视野”“田野与文本间的互动”“亚文化中的文学:定位于功能”“象征思维与解读逻辑”“文学的性别文化分析”五个角度,编选了一批有影响力的文学人类学研究成果,大大拓宽了人们考察文学现象的视野、方法和维度。
606 0  @a文学研究
606 0  @a人类学
690    @aI0@v5
690    @aQ98@v5
701  0 @a叶舒宪@9ye shu xian@4主编
801  0 @aCN@b91MARC@c20180513
905    @aMuseLib@dI0@e441
    
    文化与文本/叶舒宪主编.-西安:陕西师范大学出版总社,2018
    13,242页;24cm
    中国文学人类学原创书系
    
    ISBN 978-7-5613-9832-6:CNY78.00
    本书从“文学人类学:理论视野”“田野与文本间的互动”“亚文化中的文学:定位于功能”“象征思维与解读逻辑”“文学的性别文化分析”五个角度,编选了一批有影响力的文学人类学研究成果,大大拓宽了人们考察文学现象的视野、方法和维度。
●
相关链接 在E读中查询图书 在五车中查询图书 在当当中查询图书 在豆瓣中查询图书


正题名:文化与文本     索取号:I0/441         预约/预借

序号 登录号 条形码 馆藏地/架位号 状态 备注
1 1116221   211162212   第一样本阅览室/ [索取号:I0/441] 在馆    
2 1116222   211162221   教育系资料室/ [索取号:I0/441] 在馆    
3 1116223   211162230   教育系资料室/ [索取号:I0/441] 在馆    
4 1116224   211162249   第二借阅区/ [索取号:I0/441] 在馆    
唐山师范学院图书馆 欢迎您!
大连网信软件有限公司© 版权所有